000
00473nam a2200157Ia 4500
008
100122s9999 xx 000 0 und d
082
_b
66339
_a
823
100
_a
चेस जेम्स हॅडली
245
_a
बॅक रॉबरी
260
_b
गीता एजन्सीज
_c
2004
300
_a
184
630
_a
बॅक रॉबरी
700
_a
हुद्दार मधुकर
730
_a
बॅक रॉबरी
942
_c
BOOK
999
_c
438925
_d
438922